[Event "Titled Tuesday intern op 07th Sept"]
[Site "Chess.com INT"]
[Date "2021.09.07"]
[Round "5"]
[White "Drogovoz, Irina"]
[Black "Guimaraes, Wagner Peixoto"]
[Result "0-1"]
[WhiteElo "2287"]
[BlackElo "2211"]
[PlyCount "36"]
[EventDate "2021.09.07"]
[EventType "swiss (blitz)"]
[EventRounds "11"]
[EventCountry "USA"]
[SourceTitle "EXT 2022"]
[Source "ChessBase"]
[SourceDate "2021.10.06"]
[SourceVersion "1"]
[SourceVersionDate "2021.10.06"]
[SourceQuality "1"]

1. d4 e6 2. c4 Nf6 3. Nc3 Bb4 4. Qc2 c5 5. Nf3 cxd4 6. Nxd4 0-0 7. Bg5 d5 8. e3 Nc6 9. Nxc6 bxc6 10. Be2 d4 11. 0-0-0 Qa5 12. Rxd4 Qxg5 13. g3 e5 14. h4 Qf5 15. Qxf5 Bxf5 16. Rdd1 Bxc3 17. bxc3 Rab8 18. Rd2 Rb1# 0-1

[Event "Titled Tuesday intern op 10th Aug"]
[Site "Chess.com INT"]
[Date "2021.08.10"]
[Round "8"]
[White "Drogovoz, Irina"]
[Black "Maevsky, Nikolay"]
[Result "0-1"]
[WhiteElo "2287"]
[BlackElo "2337"]
[PlyCount "78"]
[EventDate "2021.08.10"]
[EventType "swiss (blitz)"]
[EventRounds "11"]
[EventCountry "USA"]
[SourceTitle "CBM 203 Extra"]
[Source "ChessBase"]
[SourceDate "2021.09.30"]
[SourceVersion "1"]
[SourceVersionDate "2021.09.30"]
[SourceQuality "1"]

1. d4 d5 2. Nf3 Nc6 3. g3 Bf5 4. Bg2 Nb4 5. Na3 e6 6. 0-0 c5 7. c3 Nc6 8. Nc2 Nf6 9. Be3 Ng4 10. dxc5 Bxc2 11. Qxc2 Nxe3 12. fxe3 Bxc5 13. Nd4 0-0 14. Kh1 Rc8 15. Rad1 Qg5 16. Nxc6 bxc6 17. e4 h5 18. exd5 cxd5 19. Qa4 Be3 20. Rd3 Rc4 21. Qc2 h4 22. b3 Rg4 23. Rf3 Bb6 24. gxh4 Rxg2 25. Rg3 Rxg3 26. Rxg3 Qxh4 27. e3 Bc7 28. Rg1 Qh3 29. Qe2 Be5 30. c4 dxc4 31. bxc4 Rc8 32. Rg4 Rb8 33. Qd1 Qxe3 34. Rh4 Bf6 35. Rg4 Rd8 36. Qf1 Qe5 37. c5 Rd2 38. Rf4 Qd5+ 39. Rf3 Rd1 0-1

[Event "Titled Tuesday intern op 10th Aug"]
[Site "Chess.com INT"]
[Date "2021.08.10"]
[Round "3"]
[White "Kuderinov, Kirill"]
[Black "Drogovoz, Irina"]
[Result "0-1"]
[WhiteElo "2409"]
[BlackElo "2287"]
[PlyCount "50"]
[EventDate "2021.08.10"]
[EventType "swiss (blitz)"]
[EventRounds "11"]
[EventCountry "USA"]
[SourceTitle "CBM 203 Extra"]
[Source "ChessBase"]
[SourceDate "2021.09.30"]
[SourceVersion "1"]
[SourceVersionDate "2021.09.30"]
[SourceQuality "1"]

1. e4 c5 2. Nf3 d6 3. b3 Nf6 4. Nc3 Nc6 5. Bb2 e6 6. Bb5 Be7 7. e5 dxe5 8. Nxe5 Qc7 9. Nxc6 bxc6 10. Be2 0-0 11. Bf3 Nd5 12. 0-0 Bb7 13. Ne4 f5 14. Ng3 e5 15. d3 Rae8 16. Re1 Bf6 17. Nxf5 e4 18. Bxf6 exf3 19. Rxe8 Rxe8 20. Bxg7 Re2 21. gxf3 Nf4 22. Bh6 Nh3+ 23. Kf1 Rxf2+ 24. Ke1 Qe5+ 25. Ne3 Qc3+ 0-1

[Event "Titled Tuesday intern op 10th Aug"]
[Site "Chess.com INT"]
[Date "2021.08.10"]
[Round "4"]
[White "Ozen, Bahadir"]
[Black "Drogovoz, Irina"]
[Result "1-0"]
[WhiteElo "2369"]
[BlackElo "2287"]
[PlyCount "85"]
[EventDate "2021.08.10"]
[EventType "swiss (blitz)"]
[EventRounds "11"]
[EventCountry "USA"]
[SourceTitle "CBM 203 Extra"]
[Source "ChessBase"]
[SourceDate "2021.09.30"]
[SourceVersion "1"]
[SourceVersionDate "2021.09.30"]
[SourceQuality "1"]

1. Nf3 Nf6 2. e3 g6 3. Be2 Bg7 4. 0-0 0-0 5. d4 d5 6. b4 Nbd7 7. Nbd2 Ne4 8. Bb2 e5 9. Nxe4 dxe4 10. Nxe5 Nxe5 11. dxe5 Qe7 12. Qd4 Rd8 13. Qxe4 Bf5 14. Qxb7 Rab8 15. Qxa7 Qxb4 16. Bd4 Ra8 17. Qxc7 Rdc8 18. Qd6 Qxd6 19. exd6 Bxd4 20. exd4 Rxc2 21. Bb5 Rd8 22. Rfc1 Rb2 23. a4 Rxd6 24. Rd1 Rb4 25. h3 Bc2 26. Rd2 Be4 27. Be2 Rdxd4 28. Rxd4 Rxd4 29. a5 Rd2 30. Bf1 Rd7 31. a6 Ra7 32. Ra4 Ba8 33. g4 Kg7 34. Bg2 Bxg2 35. Kxg2 h6 36. Kf3 Kf6 37. Ke4 Kg5 38. f4+ Kh4 39. Ra3 g5 40. Kf5 gxf4 41. Kxf4 h5 42. g5 Ra8 43. a7 1-0

[Event "Titled Tuesday intern op 03rd Aug"]
[Site "Chess.com INT"]
[Date "2021.08.03"]
[Round "11"]
[White "Drogovoz, Irina"]
[Black "Boraso, Alessio"]
[Result "1-0"]
[WhiteElo "2287"]
[BlackElo "2248"]
[PlyCount "41"]
[EventDate "2021.08.03"]
[EventType "swiss (blitz)"]
[EventRounds "11"]
[EventCountry "USA"]
[SourceTitle "CBM 203 Extra"]
[Source "ChessBase"]
[SourceDate "2021.09.30"]
[SourceVersion "1"]
[SourceVersionDate "2021.09.30"]
[SourceQuality "1"]

1. d4 Nf6 2. c4 g6 3. Nc3 Bg7 4. e4 0-0 5. Nge2 d6 6. Ng3 h5 7. f3 c5 8. d5 e6 9. Bg5 exd5 10. Nxd5 Nbd7 11. Qd2 Re8 12. Be2 h4 13. Bxh4 Nxe4 14. Bxd8 Nxd2 15. Nc7 Rxd8 16. Nxa8 Bxb2 17. Rd1 Bc3 18. Rxd2 Bxd2+ 19. Kxd2 Nb6 20. Nxb6 Be6 21. Nd5 1-0

[Event "Titled Tuesday intern op 03rd Aug"]
[Site "Chess.com INT"]
[Date "2021.08.03"]
[Round "6"]
[White "Drogovoz, Irina"]
[Black "Vasquez Schroder, Rodrigo Rafael"]
[Result "0-1"]
[WhiteElo "2287"]
[BlackElo "2459"]
[PlyCount "68"]
[EventDate "2021.08.03"]
[EventType "swiss (blitz)"]
[EventRounds "11"]
[EventCountry "USA"]
[SourceTitle "CBM 203 Extra"]
[Source "ChessBase"]
[SourceDate "2021.09.30"]
[SourceVersion "1"]
[SourceVersionDate "2021.09.30"]
[SourceQuality "1"]

1. d4 Nf6 2. Nf3 e6 3. g3 b6 4. Bg2 Bb7 5. 0-0 c5 6. c4 cxd4 7. Nxd4 Bxg2 8. Kxg2 Qc7 9. b3 Qb7+ 10. Kg1 a6 11. Bb2 d6 12. Nc3 Nbd7 13. Qd3 Rc8 14. Rad1 Be7 15. Rfe1 0-0 16. e4 Rb8 17. Qe2 Rfe8 18. Ba3 Bf8 19. Nc2 Nc5 20. Bxc5 bxc5 21. e5 dxe5 22. Qxe5 Rbd8 23. Ne3 Qc6 24. h3 h6 25. Na4 Ne4 26. h4 Nd2 27. Rxd2 Rxd2 28. Qf4 Qd6 29. Qg4 Rxa2 30. Nc3 Rb2 31. Ne4 Qe5 32. Nd5 exd5 33. Nf6+ Qxf6 34. Rxe8 Qxf2+ 0-1

[Event "Titled Tuesday intern op 25th Aug"]
[Site "Chess.com INT"]
[Date "2020.08.25"]
[Round "2"]
[White "Budrewicz, Krzysztof"]
[Black "Drogovoz, Irina"]
[Result "0-1"]
[WhiteElo "2227"]
[BlackElo "2287"]
[PlyCount "58"]
[EventDate "2020.08.25"]
[EventType "swiss (blitz)"]
[EventRounds "10"]
[EventCountry "USA"]
[SourceTitle "CBM 198 Extra"]
[Source "ChessBase"]
[SourceDate "2020.11.30"]
[SourceVersion "1"]
[SourceVersionDate "2020.11.30"]
[SourceQuality "1"]

1. d4 Nf6 2. c4 g6 3. Nc3 d5 4. Nf3 Bg7 5. Bf4 0-0 6. e3 c5 7. dxc5 Qa5 8. cxd5 Nxd5 9. Rc1 Nxc3 10. bxc3 Bxc3+ 11. Nd2 Rd8 12. Rxc3 Qxc3 13. Be2 Nc6 14. e4 Be6 15. 0-0 Qxc5 16. Be3 Nd4 17. Bg4 Bxg4 18. Qxg4 Qc8 19. Qh4 Qe6 20. Rb1 b6 21. Bh6 Rac8 22. Re1 Nc2 23. Rf1 Nd4 24. Kh1 Rc2 25. a4 Ra2 26. f4 Rxd2 27. f5 Qc4 28. Rg1 Nxf5 29. Qg5 Nxh6 0-1

[Event "Titled Tuesday intern op 25th Aug"]
[Site "Chess.com INT"]
[Date "2020.08.25"]
[Round "10"]
[White "Drogovoz, Irina"]
[Black "Rytenko, Vsevolod"]
[Result "0-1"]
[WhiteElo "2287"]
[BlackElo "2403"]
[PlyCount "60"]
[EventDate "2020.08.25"]
[EventType "swiss (blitz)"]
[EventRounds "10"]
[EventCountry "USA"]
[SourceTitle "CBM 198 Extra"]
[Source "ChessBase"]
[SourceDate "2020.11.30"]
[SourceVersion "1"]
[SourceVersionDate "2020.11.30"]
[SourceQuality "1"]

1. d4 Nf6 2. Nf3 Nc6 3. d5 Nb8 4. c4 c6 5. Nc3 g6 6. e4 d6 7. Be2 Bg7 8. 0-0 0-0 9. Qc2 Na6 10. h3 Nb4 11. Qd2 a5 12. a3 Na6 13. b4 Nxe4 14. Nxe4 Bxa1 15. dxc6 Bg7 16. b5 Nc5 17. Nxc5 dxc5 18. Qe3 bxc6 19. Qxc5 cxb5 20. Rd1 Bd7 21. Ne5 Rc8 22. Qe3 Bxe5 23. Qxe5 Qc7 24. Qxe7 Rfe8 25. Qf6 Rxe2 26. Bh6 Qe5 27. Qxe5 Rxe5 28. Rxd7 bxc4 29. Bf4 Re1+ 30. Kh2 c3 0-1

[Event "Titled Tuesday intern op 25th Aug"]
[Site "Chess.com INT"]
[Date "2020.08.25"]
[Round "9"]
[White "Poliannikov, Danila"]
[Black "Drogovoz, Irina"]
[Result "0-1"]
[WhiteElo "2226"]
[BlackElo "2287"]
[PlyCount "86"]
[EventDate "2020.08.25"]
[EventType "swiss (blitz)"]
[EventRounds "10"]
[EventCountry "USA"]
[SourceTitle "CBM 198 Extra"]
[Source "ChessBase"]
[SourceDate "2020.11.30"]
[SourceVersion "1"]
[SourceVersionDate "2020.11.30"]
[SourceQuality "1"]

1. Nf3 Nf6 2. c4 g6 3. b3 Bg7 4. Bb2 0-0 5. g3 c6 6. Bg2 d5 7. 0-0 dxc4 8. bxc4 c5 9. d3 Nc6 10. Nbd2 Qc7 11. Qc2 b6 12. a3 Bb7 13. Bc3 Rad8 14. Rfb1 Qb8 15. a4 Qa8 16. a5 bxa5 17. Rxb7 Qxb7 18. Ne5 Nb4 19. Bxb4 Qxb4 20. Nc6 Qb6 21. Nxd8 Rxd8 22. Rb1 Qc7 23. Qb3 Nd7 24. Qb5 Bc3 25. Ne4 Rb8 26. Nxc3 Rxb5 27. Nxb5 Qb6 28. Nc3 Qf6 29. Nd5 Qd6 30. Ra1 e6 31. Nc3 Qe5 32. Ra3 Nb6 33. Bf3 Qg5 34. e3 Qd8 35. Be2 Qf6 36. Nb5 Qb2 37. Bf1 a4 38. d4 a6 39. dxc5 axb5 40. cxb6 Qxa3 41. b7 Qf8 42. c5 a3 43. c6 Qb8 0-1

[Event "Pushchino Prodigies Cup"]
[Site "Pushchino"]
[Date "2017.02.16"]
[Round "7"]
[White "Garifullina, Leya"]
[Black "Drogovoz, Irina"]
[Result "1/2-1/2"]
[WhiteElo "1929"]
[BlackElo "2193"]
[PlyCount "58"]
[EventDate "2017.02.10"]
[EventType "tourn"]
[EventRounds "9"]
[EventCountry "RUS"]
[SourceTitle "CBM 177 Extra"]
[Source "ChessBase"]
[SourceDate "2017.04.27"]
[SourceVersion "1"]
[SourceVersionDate "2017.04.27"]
[SourceQuality "1"]

1. e4 c5 2. Nf3 d6 3. d4 cxd4 4. Nxd4 Nf6 5. Nc3 a6 6. h3 e5 7. Nde2 h5 8. g3 Be6 9. Bg2 Be7 10. Be3 Nbd7 11. Qd2 b5 12. f4 exf4 13. gxf4 Rc8 14. Nd4 Nb6 15. Nxe6 fxe6 16. e5 dxe5 17. Qxd8+ Bxd8 18. fxe5 Nfd7 19. 0-0-0 Nc4 20. Bd4 b4 21. Ne4 Bc7 22. Ng5 Ke7 23. Rhe1 Bxe5 24. Kb1 Rh6 25. Bb7 Rc7 26. Bxa6 Bf4 27. Nf3 g5 28. Bxc4 Rxc4 29. Re4 Rc8 1/2-1/2

[Event "Pushchino Prodigies Cup"]
[Site "Pushchino"]
[Date "2017.02.14"]
[Round "5"]
[White "Baraeva, Marina"]
[Black "Drogovoz, Irina"]
[Result "0-1"]
[WhiteElo "2204"]
[BlackElo "2193"]
[PlyCount "100"]
[EventDate "2017.02.10"]
[EventType "tourn"]
[EventRounds "9"]
[EventCountry "RUS"]
[SourceTitle "CBM 177 Extra"]
[Source "ChessBase"]
[SourceDate "2017.04.27"]
[SourceVersion "1"]
[SourceVersionDate "2017.04.27"]
[SourceQuality "1"]

1. d4 Nf6 2. c4 g6 3. Nc3 d5 4. Nf3 Bg7 5. Bg5 Ne4 6. cxd5 Nxg5 7. Nxg5 e6 8. Nf3 exd5 9. e3 0-0 10. b4 c6 11. Be2 Qd6 12. Qb3 b6 13. 0-0 Bb7 14. Rac1 Nd7 15. Na4 Rfc8 16. Rfd1 Rc7 17. h3 Bf8 18. b5 c5 19. dxc5 bxc5 20. e4 d4 21. Ng5 Qf4 22. h4 h6 23. g3 Qf6 24. Nxf7 Kg7 25. Bc4 Bxe4 26. Re1 Qf3 27. Qxf3 Bxf3 28. Ne5 Nxe5 29. Rxe5 Rd8 30. Nb2 Bd6 31. Re6 g5 32. Bd3 Bh5 33. Nc4 Be7 34. Rce1 Bf6 35. hxg5 hxg5 36. Rd6 Rh8 37. Kg2 Bf7 38. f3 g4 39. Nd2 gxf3+ 40. Nxf3 c4 41. Rc1 Rd8 42. Rxd8 Bxd8 43. Be4 Re7 44. Bc6 Re2+ 45. Kf1 d3 46. Nd4 Rxa2 47. Nf5+ Kf8 48. Be4 Bb6 49. Rd1 Bh5 50. Rxd3 Be2+ 0-1

[Event "Pushchino Prodigies Cup"]
[Site "Pushchino"]
[Date "2017.02.13"]
[Round "4"]
[White "Drogovoz, Irina"]
[Black "Nesterov, Arseniy"]
[Result "0-1"]
[WhiteElo "2193"]
[BlackElo "2302"]
[PlyCount "108"]
[EventDate "2017.02.10"]
[EventType "tourn"]
[EventRounds "9"]
[EventCountry "RUS"]
[SourceTitle "CBM 177 Extra"]
[Source "ChessBase"]
[SourceDate "2017.04.27"]
[SourceVersion "1"]
[SourceVersionDate "2017.04.27"]
[SourceQuality "1"]

1. Nf3 d5 2. g3 Nf6 3. Bg2 Bf5 4. 0-0 e6 5. d3 Be7 6. c4 c6 7. Qb3 Qb6 8. Be3 Qxb3 9. axb3 a6 10. Nc3 Nbd7 11. Na4 0-0 12. Bd2 Rfc8 13. Rfc1 Bg6 14. c5 e5 15. Bh3 Re8 16. d4 Bd8 17. Bc3 e4 18. Nh4 Nf8 19. Nxg6 hxg6 20. Bd2 Ne6 21. Be3 Nh7 22. Re1 f5 23. Rad1 Nhg5 24. Bg2 Nf7 25. f3 exf3 26. exf3 Bf6 27. Kf1 Re7 28. Nc3 Rae8 29. Bf2 g5 30. Kg1 Kf8 31. Kf1 g4 32. fxg4 fxg4 33. h3 gxh3 34. Bxh3 Neg5 35. Bg4 Nh6 36. Bh5 Rxe1+ 37. Rxe1 Rxe1+ 38. Kxe1 Nh3 39. Ne2 Nxf2 40. Kxf2 Nf5 41. Bg4 Nxd4 42. Nxd4 Bxd4+ 43. Ke2 Bxc5 44. Bc8 b6 45. Bb7 Bd6 46. Bxc6 Bxg3 47. b4 Be5 48. b3 d4 49. Kd3 Ke7 50. Kc4 Kf6 51. Bb7 a5 52. bxa5 bxa5 53. Bc8 Kg5 54. Kd3 Kf4 0-1

[Event "Pushchino Prodigies Cup"]
[Site "Pushchino"]
[Date "2017.02.10"]
[Round "1"]
[White "Bykov, Oleg1111"]
[Black "Drogovoz, Irina"]
[Result "1/2-1/2"]
[WhiteElo "2332"]
[BlackElo "2193"]
[PlyCount "76"]
[EventDate "2017.02.10"]
[EventType "tourn"]
[EventRounds "9"]
[EventCountry "RUS"]
[SourceTitle "CBM 177 Extra"]
[Source "ChessBase"]
[SourceDate "2017.04.27"]
[SourceVersion "1"]
[SourceVersionDate "2017.04.27"]
[SourceQuality "1"]

1. Nf3 Nf6 2. c4 e6 3. Nc3 d5 4. d4 Nbd7 5. Bg5 c6 6. e3 Qa5 7. Nd2 Bb4 8. Qc2 dxc4 9. Bxf6 Nxf6 10. Nxc4 Qc7 11. Bd3 0-0 12. 0-0 g6 13. Ne5 Bd6 14. f4 Bd7 15. Ne4 Nxe4 16. Bxe4 Rfd8 17. Rac1 Rac8 18. Nd3 Be8 19. b4 a5 20. a3 axb4 21. axb4 Qe7 22. Qc3 b6 23. Rf2 Rc7 24. Rfc2 Rdc8 25. g3 c5 26. bxc5 bxc5 27. dxc5 Bxc5 28. Nxc5 Rxc5 29. Qxc5 Rxc5 30. Rxc5 Kg7 31. Bc6 Bxc6 32. Rxc6 h5 33. h4 e5 34. fxe5 Qxe5 35. Kf2 Qf5+ 36. Kg2 Qd5+ 37. Kf2 Qf5+ 38. Kg2 Qe4+ 1/2-1/2

[Event "Orsha"]
[Site "Orsha"]
[Date "2017.01.26"]
[Round "9"]
[White "Drogovoz, Irina"]
[Black "Goltseva, Ekaterina"]
[Result "1/2-1/2"]
[WhiteElo "2193"]
[BlackElo "2129"]
[PlyCount "35"]
[EventDate "2017.01.20"]
[EventType "tourn"]
[EventRounds "9"]
[EventCountry "BLR"]
[EventCategory "1"]
[SourceTitle "CBM 176 Extra"]
[Source "ChessBase"]
[SourceDate "2017.03.02"]
[SourceVersion "1"]
[SourceVersionDate "2017.03.02"]
[SourceQuality "1"]

1. d4 d5 2. Nf3 Nf6 3. g3 b5 4. Bg2 Bb7 5. Ne5 e6 6. c4 bxc4 7. Nxc4 c6 8. Ne5 Bd6 9. Nd3 Nbd7 10. Qc2 c5 11. dxc5 Nxc5 12. 0-0 Nxd3 13. Qxd3 0-0 14. Nc3 Nd7 15. Be3 Ne5 16. Qc2 Nc4 17. Bc1 Rc8 18. b3 1/2-1/2

[Event "Orsha"]
[Site "Orsha"]
[Date "2017.01.21"]
[Round "3"]
[White "Drogovoz, Irina"]
[Black "Poley, Vladimir"]
[Result "1-0"]
[WhiteElo "2193"]
[BlackElo "2275"]
[PlyCount "95"]
[EventDate "2017.01.20"]
[EventType "tourn"]
[EventRounds "9"]
[EventCountry "BLR"]
[EventCategory "1"]
[SourceTitle "CBM 176 Extra"]
[Source "ChessBase"]
[SourceDate "2017.03.02"]
[SourceVersion "1"]
[SourceVersionDate "2017.03.02"]
[SourceQuality "1"]

1. d4 d5 2. Nf3 e6 3. g3 b5 4. Bg2 Bb7 5. 0-0 Nf6 6. Ne5 c5 7. b3 cxd4 8. Qxd4 Na6 9. c4 Bc5 10. Qd1 Qc7 11. Nd3 Bd4 12. Nb2 Be5 13. cxb5 Nb4 14. a3 Nc2 15. Ra2 Rc8 16. e3 0-0 17. Nd3 Bd6 18. b4 Qc4 19. Rb2 Na1 20. Re1 Rc7 21. Bf1 Rfc8 22. Bd2 Qg4 23. f3 Qg6 24. Nc3 h5 25. Qxa1 h4 26. Nf4 Bxf4 27. exf4 hxg3 28. Ne2 gxh2+ 29. Kxh2 Nh5 30. Bg2 Rc4 31. Qb1 Qh6 32. Rc1 d4 33. Rxc4 Rxc4 34. Qd3 Bd5 35. Rc2 Rxc2 36. Qxc2 g5 37. Qd3 gxf4 38. Qxd4 Qh7 39. Kg1 Qg6 40. Nxf4 Nxf4 41. Qxf4 Qb1+ 42. Bc1 f5 43. Kh2 Qa1 44. Qb8+ Kf7 45. Qxa7+ Kg6 46. Qe3 Kf7 47. b6 Ke8 48. b7 1-0

[Event "Chigorin Memorial 24th"]
[Site "St Petersburg"]
[Date "2016.10.20"]
[Round "6"]
[White "Belous, Mikhail"]
[Black "Drogovoz, Irina"]
[Result "1-0"]
[WhiteElo "2314"]
[BlackElo "2144"]
[PlyCount "65"]
[EventDate "2016.10.15"]
[EventType "swiss"]
[EventRounds "9"]
[EventCountry "RUS"]
[SourceTitle "CBM 175 Extra"]
[Source "ChessBase"]
[SourceDate "2016.12.12"]
[SourceVersion "1"]
[SourceVersionDate "2016.12.12"]
[SourceQuality "1"]

1. d4 Nf6 2. c4 g6 3. Nc3 d5 4. cxd5 Nxd5 5. e4 Nxc3 6. bxc3 Bg7 7. Bc4 0-0 8. Ne2 c5 9. 0-0 Nc6 10. Be3 Qc7 11. Rc1 Rd8 12. f4 Bg4 13. f5 gxf5 14. Qe1 e6 15. Nf4 Na5 16. Bxe6 fxe6 17. Nxe6 Qd7 18. Nxd8 Rxd8 19. h3 Bh5 20. Rxf5 Bg6 21. Rxc5 b6 22. Rd5 Qe8 23. Rxd8 Qxd8 24. Bf4 Qf8 25. Qg3 Bxe4 26. Re1 Bg6 27. Bd6 Qd8 28. Be5 Bf8 29. h4 Be7 30. h5 Bh4 31. Qg4 Bxe1 32. hxg6 Bf2+ 33. Kxf2 1-0

[Event "Wch U18 Girls"]
[Site "Khanty-Mansiysk"]
[Date "2016.10.03"]
[Round "11"]
[White "Drogovoz, Irina"]
[Black "Obolentseva, Alexandra"]
[Result "1-0"]
[WhiteElo "2144"]
[BlackElo "2331"]
[PlyCount "95"]
[EventDate "2016.09.22"]
[EventType "swiss"]
[EventRounds "11"]
[EventCountry "RUS"]
[SourceTitle "EXT 2017"]
[Source "ChessBase"]
[SourceDate "2016.10.25"]
[SourceVersion "1"]
[SourceVersionDate "2016.10.25"]
[SourceQuality "1"]

1. d4 Nf6 2. c4 e6 3. a3 c5 4. Nf3 cxd4 5. Nxd4 b6 6. Bg5 Be7 7. Nc3 Bb7 8. Qc2 Nc6 9. Nxc6 Bxc6 10. e4 0-0 11. Bd3 h6 12. Bh4 Nh5 13. Bg3 Nxg3 14. hxg3 Bf6 15. Rd1 Rc8 16. Rh5 Qc7 17. Qd2 Rfe8 18. Kf1 Qb7 19. f3 Bxc3 20. Qxc3 d5 21. exd5 Bxd5 22. Be2 b5 23. c5 a5 24. Rd4 e5 25. Rg4 Be6 26. Re4 f6 27. b4 Red8 28. Rh1 axb4 29. axb4 Bf5 30. Re3 Rd4 31. Kf2 Be6 32. Rd1 Rcd8 33. Red3 Qd5 34. Ke3 Bf5 35. R3d2 Be6 36. Rxd4 exd4+ 37. Qxd4 Qg5+ 38. Qf4 Rxd1 39. Qxg5 hxg5 40. Bxd1 Kf8 41. Be2 Bd7 42. Kd4 Ke7 43. c6 Bxc6 44. Kc5 Be8 45. Bxb5 Bg6 46. Bc6 Kd8 47. Kd6 Bf5 48. b5 1-0

[Event "Wch U18 Girls"]
[Site "Khanty-Mansiysk"]
[Date "2016.09.28"]
[Round "6"]
[White "Balajayeva, Khanim Asad Qizi"]
[Black "Drogovoz, Irina"]
[Result "1-0"]
[WhiteElo "2147"]
[BlackElo "2144"]
[PlyCount "59"]
[EventDate "2016.09.22"]
[EventType "swiss"]
[EventRounds "11"]
[EventCountry "RUS"]
[SourceTitle "EXT 2017"]
[Source "ChessBase"]
[SourceDate "2016.10.25"]
[SourceVersion "1"]
[SourceVersionDate "2016.10.25"]
[SourceQuality "1"]

1. e4 c5 2. c3 d5 3. exd5 Qxd5 4. d4 g6 5. Nf3 Bg7 6. Na3 cxd4 7. Bc4 Qe4+ 8. Be3 Nh6 9. cxd4 0-0 10. 0-0 Qf5 11. Nb5 Nc6 12. Bd3 Qd7 13. d5 Nb4 14. Bc4 a6 15. Nc3 b5 16. Bb3 a5 17. a3 Na6 18. Bxh6 Bxh6 19. Ne5 Qd6 20. Nc6 Nc7 21. Ne4 Qd7 22. Re1 Kh8 23. Qf3 f5 24. Nc5 Qd6 25. Rxe7 Qxc5 26. Rxc7 Bg7 27. Re1 Bf6 28. Qh3 h5 29. Qg3 Rg8 30. Ne7 1-0

[Event "RUS-ch Higher League (Women) 66th"]
[Site "Kolomna"]
[Date "2016.06.29"]
[Round "7"]
[White "Baraeva, Marina"]
[Black "Drogovoz, Irina"]
[Result "1/2-1/2"]
[WhiteElo "2216"]
[BlackElo "2143"]
[PlyCount "119"]
[EventDate "2016.06.22"]
[EventType "swiss"]
[EventRounds "9"]
[EventCountry "RUS"]
[SourceTitle "CBM 173 Extra"]
[Source "ChessBase"]
[SourceDate "2016.08.29"]
[SourceVersion "1"]
[SourceVersionDate "2016.08.29"]
[SourceQuality "1"]

1. d4 Nf6 2. c4 e6 3. Nf3 Bb4+ 4. Bd2 Qe7 5. Nc3 b6 6. g3 Bb7 7. Bg2 Bxc3 8. Bxc3 Ne4 9. Rc1 0-0 10. 0-0 Nxc3 11. Rxc3 d6 12. Qc2 f5 13. Nd2 Bxg2 14. Kxg2 e5 15. dxe5 Qxe5 16. Re3 Qf6 17. Nb1 Nd7 18. Nc3 c6 19. f4 a5 20. Rd1 Nc5 21. Na4 Rfe8 22. Rxe8+ Rxe8 23. Nxc5 dxc5 24. Rd2 Re4 25. Qb3 Qe7 26. Kf2 Qc7 27. e3 h6 28. Qd1 Qe7 29. Rd8+ Kh7 30. Qd3 b5 31. cxb5 cxb5 32. Qd5 Rxe3 33. Qxf5+ g6 34. Qd7 Re2+ 35. Kf3 Re3+ 36. Kg4 h5+ 37. Kh3 Qxd7+ 38. Rxd7+ Kh6 39. Rb7 b4 40. Rb5 Re2 41. Rxc5 a4 42. Ra5 Rxb2 43. Rxa4 b3 44. axb3 Rxb3 45. Ra6 Rb5 46. Kh4 Rb2 47. h3 Rb4 48. Rf6 Ra4 49. g4 Rxf4 50. Rxf4 g5+ 51. Kg3 gxf4+ 52. Kxf4 hxg4 53. hxg4 Kg6 54. g5 Kg7 55. Kf5 Kf7 56. g6+ Kg8 57. Kg5 Kg7 58. Kh5 Kg8 59. Kh6 Kh8 60. g7+ 1/2-1/2